| 000 | 00800nam a2200265Ia 4500 | ||
|---|---|---|---|
| 003 | OSt | ||
| 005 | 20220926021516.0 | ||
| 006 | a|||||r|||| 00| 0 | ||
| 007 | ta | ||
| 008 | 220923b |||||||| |||| 00| 0 eng d | ||
| 020 | _a9211168600 | ||
| 037 | _cGeneral Book | ||
| 040 |
_aRTL _cRTL _beng |
||
| 041 |
_2eng _aeng |
||
| 082 | _aX91.5.P, P3 | ||
| 110 |
_aUnited Nations Economic Comission for Europe _9326315 |
||
| 245 | 0 | _aSmall and medium sized dnterprises in countries in | |
| 260 |
_aNew York _bUnited Naitons USA _c2003 |
||
| 300 |
_a112p. _ccm. |
||
| 490 | _aSeries Enterepreneurship and SMEs | ||
| 650 |
_aIndustries _9148352 |
||
| 700 |
_aUnited Nations Economic Comission for Europe _9326316 |
||
| 942 |
_hX91.5.P, P3 _cGB _2CC |
||
| 999 |
_c636969 _d636969 |
||